000 01033cam a2200253 4500
008 090401t1993 xxu||||| |||| 00| 0 eng d
020 _a0471940844
035 _a(Sirsi) u48315
041 _aeng
050 _a692.8
100 _aVan Deventer, Rob
245 4 _aThe law of construction contracts.
260 _aLondon
_bChancery Law Publishing
_c1993
300 _axviii,381p. ; 24cm.
350 _a75
490 _aConstruction Law Library
520 _aSuggests that the way law courts attempt to apply traditional concepts and principles of the general law of contract to construction contracts is inappropriate and hinders the satisfactory resolution of disputes. Takes an international approach which makes use of examples from English and South African case law with selected cases from other juridictions.
650 _aBUILT ENVIRONMENT-BUILDING CONTRACT FORMS
650 _aLAW CASES
650 _aSOUTH AFRICA
690 _aBUILT ENVIRONMENT-BUILDING CONTRACT FORMS
942 _n0
948 _c04/03/1997
999 _c92319
_d92319